=LDR 00000nam 2200000 4500 =001 INLIS000000000005416 =005 20201216065928 =035 ##$$a 0010-061300000005416 =008 201216################g##########0#ind## =041 ##$$a Ind =082 ##$$a 323.44 =090 ##$$a 323.44, Kua k =250 ##$$a cet.1 =710 #$$a Nurul Huda =850 ##$$a xxii, 370 hlm, 21 cm =020 ##$$a 979-9492-11-4 =084 ##$$a 323.44 KUA =245 ##$$a Kuasa rakyat merdeka =260 ##$$a Yogyakarta :$b LKiS,$c 2001 =300 ##$$a xxii, 370 hlm., ; $c 14 x 21 cm =650 #4$$a Demokrasi =990 ##$$a 161.921 - 161.925/Pro. 2001 =990 ##$$a DW00016562 =990 ##$$a DW00016563 =990 ##$$a 161.924 pro.2001 =990 ##$$a DW00016565 =990 ##$$a 00090663